000 00298nam a2200133Ia 4500
005 20251222144625.0
008 251222s9999||||xx |||||||||||||| ||spa||
082 _a155.2/A43P
100 _aAllport, Gordon W.
245 0 _aLa Personalidad:
250 _a4a.ed.
264 _bHerder
942 _cLIB
999 _c16075
_d16075